| 000 | 00379 a2200145 4500 | ||
|---|---|---|---|
| 005 | 20250423115054.0 | ||
| 020 | _a0-333-36070-2 | ||
| 082 | _a657.4 LAY | ||
| 100 | _aLAYNE, W. A. | ||
| 245 | _aCost Accounting: Analysis and Control. | ||
| 260 |
_aEngland, _bMacmillan _c1984. |
||
| 300 |
_axv, 332p.: ill.; figure, table _bIndex _c24cm |
||
| 700 | _aRICKWOOD, C. | ||
| 942 |
_2ddc _cBKS |
||
| 999 |
_c1623 _d1623 |
||